000 01040nas a2200373 4500
001 BR0603562
003 BR-BrBNA
005 20231205110233.0
007 ta
008 230509b bl.|||p| |||| 00| 00por d
040 _aBR-BrBNA
_bpor
_cBiblioteca Nacional de Agricultura
041 _a(Pt)
072 _aF02; F61
100 1 _aBraga, M.F.
100 1 _aPereira, F.D.
100 1 _aSá, M.E.L. de
100 1 _aColenghi, I.C.
245 1 _aPrincipais nutrientes na micropropagação de bananeira cv. Prata Anã
650 _aBANANA
650 _aMICROPROPAGAÇÃO
650 _aFERTILIDADE DO SOLO
650 _aNUTRIENTE MINERAL
650 _aNITROGÊNIO
650 _aPOTÁSSIO
650 _aFÓSFORO
650 _aCÁLCIO
650 _aMAGNÉSIO
650 _aSACAROSE
650 _aCULTURA IN VITRO
650 _aABSORÇÃO DE NUTRIENTES
773 0 _tMagistra (Brazil)
_xISSN 0102-5333
_g(Apr-Jun 2006), v. 18(2) p. 62-71
_wBR0603562
909 _a202311
_bLúcia
_c55
_dLúcia Elande
942 _2AGRIS
_n0
_cANA
999 _c186623
_d186623